000 00379 a2200169 4500
001 187185
020 _a85-349-2250-0
040 _cMagnum
100 _aSantos, Jorge Fernando Dos
240 1 0 _aNo clarão das águas
_lpor
245 1 0 _aNo clarão das águas
300 _a124
362 0 _a2004
440 1 _aPaulus
697 _aLITERATURA INFANTO-JUVENIL
942 _cBK
999 _c187185
_d187185